Random OP things - Statistics

General Stats
  • This quiz has been taken 4 times
  • The average score is 3 of 24
Answer Stats
Hint Tip Answer % Correct
B Waffen Mädchen Baby 5
50%
J CP9 Wolf Jabra
50%
A Boa Hancock? Alvida
25%
E Dressrosa Boxer Elizabello
25%
H Käfer Bro Heracles
25%
K Heißer Revolotionär Karasu
25%
O Mermaid Queen Otohime
25%
P Alter Mann Skypiea Pagaya
25%
W Newgate son Weevil
25%
Z Elefant Zunesha
25%
C Tier Musketeer Concelot
0%
D nicht Don Krieg Daz Bonez
0%
F Gegenteil vom Erzfeind Flapper
0%
G weiblicher Riese Gerd
0%
I Mermaid Girl Ichika
0%
L kleine Version vom Riesen Little Oars Jr
0%
M Leopard mit Scheibe Machvise
0%
N Cum auf Pudding Nitro
0%
R Charlos Dad Rosward
0%
S Fass Girl Sarfunkel
0%
T Hear me out :) Trebol
0%
U Schwester vom heißen Ulti
0%
V Fishmensch mit Teufelsfrucht Vanderdecken
0%
Y Zoros Friend Yosaku
0%
No matching quizzes found
Score Distribution
Percent of People with Each Score
Percentile by Number Answered
Your Score History
You have not taken this quiz